[Event "Titled Tue 1st Jul Late"]
[Site "chess.com INT"]
[Date "2025.07.01"]
[Round "5"]
[White "Ivashentseva, Dominika"]
[Black "Sailer, Mike"]
[Result "1-0"]
[WhiteTitle "WCM"]
[WhiteElo "1969"]
[BlackElo "2108"]
[WhiteFideId "34331050"]
[BlackFideId "2012901"]
[EventDate "2025.07.01"]

1. d4 d5 2. c4 Bf5 3. Nf3 e6 4. g3 Nf6 5. Bg2 Be7 6. O-O O-O 7. Ne5 Nbd7 8. cxd5
exd5 9. Nc3 c6 10. Re1 Nxe5 11. dxe5 Nd7 12. e4 dxe4 13. Bxe4 Bxe4 14. Rxe4 Nc5
15. Re1 Ne6 16. Be3 Qc7 17. Qb3 Rad8 18. Bxa7 Nd4 19. Bxd4 Rxd4 20. Rad1 Rfd8
21. Rxd4 Rxd4 22. e6 f6 23. Qc2 Bb4 24. Nb5 Qe7 25. Nxd4 Bxe1 26. Qb3 g6 27. a3
Kg7 28. Nf3 Ba5 29. Qc4 Bc7 30. b4 Be5 31. Nd2 f5 32. Nb3 Kf6 33. Nc5 Qc7 34.
Nd7+ Ke7 35. Qc5+ Kxe6 36. Nf8+ Kf7 37. Nxh7 Qd6 38. Ng5+ Kf6 39. Qe3 1-0

[Event "Titled Tue 1st Jul Late"]
[Site "chess.com INT"]
[Date "2025.07.01"]
[Round "5"]
[White "Shymanskyi, Oleksandr"]
[Black "Tica, Sven"]
[Result "0-1"]
[WhiteTitle "FM"]
[BlackTitle "IM"]
[WhiteElo "2218"]
[BlackElo "2442"]
[WhiteFideId "14168880"]
[BlackFideId "14526948"]
[EventDate "2025.07.01"]

1. Nf3 g6 2. g3 Bg7 3. Bg2 d6 4. d4 Nd7 5. c4 e5 6. Nc3 Ne7 7. O-O O-O 8. e4 h6
9. Re1 Nc6 10. Be3 exd4 11. Nxd4 Nde5 12. b3 Ng4 13. Nxc6 Nxe3 14. Rxe3 bxc6 15.
e5 Bxe5 16. Bxc6 Rb8 17. Rc1 Be6 18. Qe2 a6 19. Rd1 Rb6 20. Bd5 Qf6 21. Ne4 Qg7
22. Kg2 Bd4 23. Red3 c5 24. Bxe6 fxe6 25. Nd2 Rxf2+ 26. Qxf2 Bxf2 27. Kxf2 Qb2
28. a4 Qc2 29. Ke2 d5 30. cxd5 exd5 31. Re3 d4 32. Re5 Rxb3 33. Rf1 Qd3+ 34. Ke1
Rb7 35. Rf6 c4 36. Ree6 c3 37. Rxg6+ Rg7 38. Ne4 Rxg6 39. Rxg6+ Kf7 40. Rf6+ Kg7 0-1

[Event "Titled Tue 1st Jul Late"]
[Site "chess.com INT"]
[Date "2025.07.01"]
[Round "5"]
[White "Deichmann, Esteban Horacio"]
[Black "Ragger, Markus"]
[Result "1-0"]
[BlackTitle "GM"]
[WhiteElo "2103"]
[BlackElo "2566"]
[WhiteFideId "167410"]
[BlackFideId "1610856"]
[EventDate "2025.07.01"]

1. e4 e5 2. Nf3 Nc6 3. d4 exd4 4. Nxd4 Nf6 5. Nxc6 bxc6 6. Bd3 d5 7. exd5 cxd5
8. O-O Be7 9. c4 O-O 10. Nc3 Be6 11. Qa4 Rb8 12. a3 Bd6 13. h3 Be5 14. cxd5 Nxd5
15. Qe4 Nf6 16. Qxe5 Qxd3 17. Rd1 Qc4 18. Bg5 Nd7 19. Qg3 f6 20. Be3 Rxb2 21.
Rac1 Rb3 22. Nd5 Qe4 23. Nxc7 Rxa3 24. Nxe6 Qxe6 25. Rd6 Qe7 26. Rc7 Rf7 27.
Rdxd7 Qxd7 28. Rxd7 Rxd7 29. Qb8+ Kf7 30. Qb5 Rad3 31. Qh5+ 1-0

[Event "Titled Tue 1st Jul Late"]
[Site "chess.com INT"]
[Date "2025.07.01"]
[Round "5"]
[White "Rozman, Levy"]
[Black "Naroditsky, Daniel"]
[Result "0-1"]
[WhiteTitle "IM"]
[BlackTitle "GM"]
[WhiteElo "2324"]
[BlackElo "2619"]
[WhiteFideId "2039877"]
[BlackFideId "2026961"]
[EventDate "2025.07.01"]

1. f4 Nh6 2. Nf3 d5 3. c4 d4 4. e4 dxe3 5. d4 Ng4 6. Qe2 c5 7. d5 e6 8. Bxe3
Nxe3 9. Qxe3 Be7 10. Nc3 O-O 11. O-O-O Qb6 12. Bd3 Bf6 13. Ng5 g6 14. h4 exd5
15. cxd5 Bg4 16. h5 c4 17. Qxb6 axb6 18. Bxc4 Bxd1 19. hxg6 hxg6 20. Kxd1 Bxg5
21. fxg5 Nd7 22. Bb5 Nc5 23. b4 Ra3 24. Kc2 Rc8 25. bxc5 Rxc5 26. Rh3 Rxa2+ 27.
Kb3 Rxg2 28. d6 Rd2 29. Ne4 Rxb5+ 30. Kc3 Rxd6 31. Nxd6 Rxg5 32. Rh8+ Kg7 33.
Rb8 Rd5 34. Ne8+ Kh6 35. Nf6 Rd6 0-1

[Event "Titled Tue 1st Jul Late"]
[Site "chess.com INT"]
[Date "2025.07.01"]
[Round "5"]
[White "Chekletsov, Ilya"]
[Black "Povshednyi, Ivan"]
[Result "0-1"]
[WhiteTitle "IM"]
[BlackTitle "FM"]
[WhiteElo "2338"]
[BlackElo "2309"]
[WhiteFideId "24177156"]
[BlackFideId "14190907"]
[EventDate "2025.07.01"]

1. d4 d5 2. c4 e6 3. g3 Nf6 4. Bg2 Be7 5. Nf3 O-O 6. O-O c6 7. Qc2 a5 8. Nbd2 b6
9. e4 Na6 10. a3 Bb7 11. e5 Nd7 12. cxd5 cxd5 13. Re1 Rc8 14. Qb3 Qc7 15. Bf1
Qc2 16. Qxc2 Rxc2 17. Bd3 Rc7 18. Nf1 Nab8 19. Bd2 Ba6 20. Bb1 Rfc8 21. h4 h6
22. Ne3 Nc6 23. g4 a4 24. Ng2 Na5 25. Bc3 Nb3 26. Ra2 Bc4 27. Ne3 b5 28. Nxc4
bxc4 29. Bc2 Rb8 30. Kg2 Nb6 31. Kg3 Nc8 32. Bxb3 axb3 33. Raa1 Nb6 34. Re3 Na4
35. g5 hxg5 36. hxg5 g6 37. Rh1 Kg7 38. Kg4 Rh8 39. Rxh8 Kxh8 40. Nh4 Kg7 41. f4
Nxc3 42. Rxc3 Bxa3 0-1

[Event "Titled Tue 1st Jul Late"]
[Site "chess.com INT"]
[Date "2025.07.01"]
[Round "5"]
[White "Arslanov, Shamil"]
[Black "Vetokhin, Savva"]
[Result "0-1"]
[WhiteTitle "IM"]
[BlackTitle "GM"]
[WhiteElo "2410"]
[BlackElo "2570"]
[WhiteFideId "4192826"]
[BlackFideId "44144474"]
[EventDate "2025.07.01"]

1. d4 Nf6 2. f3 d5 3. e4 dxe4 4. Nc3 c5 5. d5 exf3 6. Nxf3 g6 7. Bf4 Bg7 8. Qd2
O-O 9. O-O-O Bg4 10. Be2 Nbd7 11. h3 Bxf3 12. Bxf3 Rc8 13. g4 b5 14. g5 b4 15.
Ne4 Nxe4 16. Bxe4 Qa5 17. Kb1 Nb6 18. Qe2 Na4 19. Bc1 Rb8 20. d6 e6 21. Ka1 b3
22. cxb3 Rxb3 23. Rd2 Ra3 24. Bb1 c4 25. Rc2 Nc5 26. Qd2 Nb3# 0-1

[Event "Titled Tue 1st Jul Late"]
[Site "chess.com INT"]
[Date "2025.07.01"]
[Round "5"]
[White "Sargsyan, Shant"]
[Black "Zierk, Steven"]
[Result "1-0"]
[WhiteTitle "GM"]
[BlackTitle "GM"]
[WhiteElo "2669"]
[BlackElo "2489"]
[WhiteFideId "13306766"]
[BlackFideId "2034255"]
[EventDate "2025.07.01"]

1. c4 e5 2. g3 Nf6 3. Bg2 h6 4. Nf3 e4 5. Nd4 Nc6 6. Nc2 d5 7. cxd5 Qxd5 8. Nc3
Qe6 9. b4 Be7 10. b5 Nb4 11. Nxb4 Bxb4 12. Qa4 Bxc3 13. dxc3 O-O 14. O-O Qe5 15.
Bf4 Qh5 16. f3 Bh3 17. g4 Qc5+ 18. Qd4 Qxd4+ 19. cxd4 Bxg2 20. Kxg2 exf3+ 21.
Kxf3 a6 22. a4 axb5 23. axb5 c6 24. e4 Rfe8 25. b6 Rxa1 26. Rxa1 Nxe4 27. Ra7
Re7 28. Bc7 Nd2+ 29. Kg3 Re3+ 30. Kf2 Rb3 31. Rxb7 Ne4+ 32. Kg2 Kh7 33. h4 c5
34. Be5 f6 35. Bxf6 Nxf6 36. dxc5 Nd5 37. Rb8 Rb5 38. b7 Nb4 39. h5 Na6 40. Ra8
Rxc5 41. Rxa6 Rb5 42. Ra7 Rb3 43. Kf2 Rb2+ 44. Ke3 Rb4 45. Kd3 1-0

[Event "Titled Tue 1st Jul Late"]
[Site "chess.com INT"]
[Date "2025.07.01"]
[Round "5"]
[White "Krishnan, Varun"]
[Black "Hansen, Eric"]
[Result "0-1"]
[WhiteTitle "IM"]
[BlackTitle "GM"]
[WhiteElo "2370"]
[BlackElo "2609"]
[WhiteFideId "5054508"]
[BlackFideId "2606771"]
[EventDate "2025.07.01"]

1. e4 c5 2. Nf3 e6 3. b3 d6 4. Bb2 e5 5. Nc3 Nf6 6. Bc4 Be7 7. O-O a6 8. a4 Nc6
9. Ng5 O-O 10. f4 exf4 11. Rxf4 Ne5 12. Be2 h6 13. Nh3 Be6 14. Rf1 Nfd7 15. Nf4
Bf6 16. Rb1 Nc6 17. Nxe6 fxe6 18. Bc4 Qe7 19. Qg4 Rae8 20. Qh5 Bd4+ 21. Kh1 Nde5
22. Be2 Nb4 23. Rbc1 Rxf1+ 24. Bxf1 Rf8 25. Be2 Rf2 26. Nd1 g6 27. Qxh6 Rxe2 28.
Bxd4 cxd4 29. Nb2 Qf8 30. Qh3 Qf6 31. Nd3 Rxd2 32. Nxe5 dxe5 33. Qg4 Rxc2 34.
Rg1 Rf2 35. h4 Rf4 36. Qg3 Rxh4+ 0-1

[Event "Titled Tue 1st Jul Late"]
[Site "chess.com INT"]
[Date "2025.07.01"]
[Round "5"]
[White "Leinov, Roman"]
[Black "Li, Ben"]
[Result "0-1"]
[WhiteTitle "CM"]
[BlackTitle "IM"]
[WhiteElo "2120"]
[BlackElo "2356"]
[WhiteFideId "13504649"]
[BlackFideId "2089980"]
[EventDate "2025.07.01"]

1. Nf3 d6 2. g3 Nf6 3. Bg2 g6 4. O-O Bg7 5. c4 O-O 6. Nc3 Nc6 7. d4 e5 8. dxe5
Nxe5 9. Nxe5 dxe5 10. Bg5 Qxd1 11. Rfxd1 h6 12. Be3 c6 13. Bc5 Re8 14. b3 Bg4
15. f3 Be6 16. e4 Nd7 17. Ba3 a5 18. Bb2 Bf8 19. Kf1 Bc5 20. Na4 Be7 21. Rac1
Red8 22. c5 f6 23. Kf2 Kf7 24. Bf1 h5 25. Bc4 Bxc4 26. Rxc4 Ke6 27. Rc2 Nxc5 28.
Rxd8 Rxd8 29. Nb6 Nd3+ 30. Ke2 Nxb2 31. Rxb2 Bc5 32. Nc4 Bd4 33. Rc2 b6 34. Na3
Kd6 35. Nc4+ Kc7 36. a4 h4 37. g4 h3 38. Rd2 Bc5 39. Rc2 Bd4 40. Rd2 Ra8 41. Ne3
Bxe3 42. Kxe3 Rd8 43. Rc2 g5 44. Kf2 Rd3 45. Rb2 b5 46. axb5 cxb5 47. Kg3 Kb6
48. b4 axb4 49. Rxb4 Kc5 50. Rb1 b4 51. Ra1 b3 52. Ra8 Kb4 53. Rb8+ Kc3 54. Rc8+
Kd2 55. Rb8 Ke2 56. Kxh3 Rxf3+ 57. Kg2 Rc3 58. h3 Kd2 59. Rb6 Kc2 60. Rxf6 b2
61. Rb6 Rb3 62. Rc6+ Kd2 63. Rd6+ Ke2 0-1

[Event "Titled Tue 1st Jul Late"]
[Site "chess.com INT"]
[Date "2025.07.01"]
[Round "5"]
[White "Lissang, Christopher"]
[Black "Herpai, Jozsef Matyas"]
[Result "1-0"]
[WhiteTitle "FM"]
[BlackTitle "CM"]
[WhiteElo "2317"]
[BlackElo "2056"]
[WhiteFideId "1709615"]
[BlackFideId "786179"]
[EventDate "2025.07.01"]

1. d4 Nf6 2. Nf3 g6 3. c4 Bg7 4. Nc3 d5 5. e3 O-O 6. b4 a5 7. b5 c5 8. dxc5 Ne4
9. Nxe4 Bxa1 10. cxd5 Bf5 11. Ng3 Bg4 12. Bc4 Nd7 13. Ba3 Bc3+ 14. Kf1 Ne5 15.
Be2 Nxf3 16. Bxf3 Bxf3 17. gxf3 Qd7 18. Qd3 Bb4 19. c6 bxc6 20. bxc6 Qh3+ 21.
Ke2 Bxa3 22. Qxa3 Rfd8 23. Rd1 Rab8 24. Rd2 Re8 25. Qxa5 h5 26. Ne4 Rb1 27. Kd3
Qf1+ 28. Kd4 e5+ 29. Kc5 Reb8 30. a4 Qc1+ 31. Kd6 Qa3+ 32. Qc5 Qb3 33. Nf6+ Kg7
34. Nd7 Rd8 35. Ke7 Rc8 36. Qd6 Qb4 37. Nc5 Rd8 38. Kxd8 Qxd2 39. Nd7 Rb6 40.
Qf8+ Kh7 41. Nf6# 1-0

[Event "Titled Tue 1st Jul Late"]
[Site "chess.com INT"]
[Date "2025.07.01"]
[Round "5"]
[White "Maghsoodloo, Parham"]
[Black "Bukreev, Stanislav"]
[Result "1-0"]
[WhiteTitle "GM"]
[BlackTitle "FM"]
[WhiteElo "2691"]
[BlackElo "2305"]
[WhiteFideId "12539929"]
[BlackFideId "34252347"]
[EventDate "2025.07.01"]

1. d4 Nf6 2. c4 e6 3. Nc3 d5 4. e3 Nbd7 5. Nf3 b6 6. Bd2 Bb7 7. Rc1 a6 8. cxd5
exd5 9. Ne5 Bd6 10. f4 c5 11. Bd3 Ne4 12. O-O O-O 13. Be1 cxd4 14. exd4 f6 15.
Nxe4 dxe4 16. Bc4+ Kh8 17. Nf7+ Rxf7 18. Bxf7 Qe7 19. Qb3 Rf8 20. Be6 f5 21.
Bxd7 Qxd7 22. Qxb6 e3 23. Bb4 e2 24. Rf2 Re8 25. Re1 Bb8 26. Rfxe2 Be4 27. Bd2
Ba7 28. Qxa6 Bxd4+ 29. Be3 h6 30. Bxd4 Qxd4+ 31. Kh1 Ra8 32. Rxe4 Qxe4 33. Rxe4
Rxa6 34. Re8+ Kh7 35. a3 Rb6 36. Re2 Rb3 37. g3 g5 38. Kg2 Kg6 39. Rf2 Kh5 40.
Kf1 Kg4 41. Ke1 Kh3 42. Kd1 g4 43. Kc2 Rf3 44. Rd2 h5 45. a4 h4 46. a5 Rxf4 47.
gxf4 1-0

[Event "Titled Tue 1st Jul Late"]
[Site "chess.com INT"]
[Date "2025.07.01"]
[Round "5"]
[White "Jing, Andrew"]
[Black "Bouska, Jiri"]
[Result "1/2-1/2"]
[WhiteTitle "FM"]
[BlackTitle "FM"]
[WhiteElo "2292"]
[BlackElo "2318"]
[WhiteFideId "30984076"]
[BlackFideId "23722223"]
[EventDate "2025.07.01"]

1. e4 c5 2. Nf3 d6 3. Bb5+ Bd7 4. Bxd7+ Nxd7 5. O-O Ngf6 6. Re1 e6 7. c4 Be7 8.
d4 cxd4 9. Qxd4 O-O 10. Nc3 a6 11. b3 Qa5 12. Bb2 Rfc8 13. Rac1 Ne5 14. Nd2 Qc5
15. Qxc5 dxc5 16. Na4 Nd3 17. Bxf6 Bxf6 18. Nb6 Nxc1 19. Rxc1 Bg5 20. Rd1 Rd8
21. Nxa8 Rxd2 22. Rxd2 Bxd2 23. Nb6 Bc3 24. Kf1 Bd4 25. f3 Kf8 26. Ke2 Ke7 27.
Kd3 Kd8 28. Na4 Kc7 29. h3 Kd6 30. b4 Kc6 31. a3 Bf2 32. Nc3 Be1 33. b5+ axb5
34. Nxb5 Bg3 35. Kc3 Be5+ 36. Kd3 h5 37. g4 h4 38. Kd2 g5 39. Kd3 Kb6 40. Kc2
Kc6 41. Kb3 Bb8 42. Kc2 Be5 43. Kb3 Kb6 44. Ka4 Ka6 45. Kb3 Ka5 46. Na7 Kb6 47.
Nb5 Ka5 48. Na7 1/2-1/2

[Event "Titled Tue 1st Jul Late"]
[Site "chess.com INT"]
[Date "2025.07.01"]
[Round "5"]
[White "Ferrara, Enzo"]
[Black "Zepeda Berlanga, Jan Enrique"]
[Result "1-0"]
[BlackTitle "CM"]
[WhiteElo "2138"]
[BlackElo "1984"]
[WhiteFideId "137731"]
[BlackFideId "5132355"]
[EventDate "2025.07.01"]

1. d4 Nf6 2. c4 g6 3. Nc3 d5 4. cxd5 Nxd5 5. e4 Nxc3 6. bxc3 Bg7 7. Bc4 c5 8.
Ne2 O-O 9. O-O cxd4 10. cxd4 Nc6 11. Be3 e6 12. Rb1 Na5 13. Bd3 Bd7 14. Qd2 b6
15. Rbc1 Rc8 16. Ba6 Rxc1 17. Rxc1 Bc6 18. f3 Qd7 19. Qb4 Rd8 20. Kf2 h6 21. Rd1
Bf8 22. Qd2 h5 23. Bg5 Be7 24. h4 Bb7 25. Bd3 Nc6 26. Bb5 a6 27. Bxe7 Qxe7 28.
Bxc6 Bxc6 29. Qf4 e5 30. Qg5 exd4 31. Qxe7 1-0

[Event "Titled Tue 1st Jul Late"]
[Site "chess.com INT"]
[Date "2025.07.01"]
[Round "5"]
[White "Sheehan, Ethan"]
[Black "Jagirapu, Harshin Reddy"]
[Result "1-0"]
[WhiteElo "2364"]
[BlackElo "2042"]
[WhiteFideId "30943965"]
[BlackFideId "39910679"]
[EventDate "2025.07.01"]

1. d4 Nf6 2. Nf3 d5 3. Bf4 c5 4. e3 Nc6 5. Nbd2 e6 6. c3 Bd6 7. Bg3 O-O 8. Bd3
b6 9. e4 Be7 10. e5 Nh5 11. Ng5 Bxg5 12. Qxh5 g6 13. Qe2 cxd4 14. h4 Bh6 15. h5
Bg7 16. hxg6 hxg6 17. Bb5 Ne7 18. cxd4 Nf5 19. Nf3 Bd7 20. Bd3 Nxg3 21. fxg3 Qe7
22. Qd2 Rfc8 23. Ke2 Qe8 24. Raf1 Bb5 25. Ng5 Rc7 26. Nh7 Rac8 27. Ke3 Bxd3 28.
Qxd3 Rc2 29. Ng5 Qe7 30. Nxf7 Rxg2 31. Kf3 1-0

[Event "Titled Tue 1st Jul Late"]
[Site "chess.com INT"]
[Date "2025.07.01"]
[Round "5"]
[White "Nicot, Valentin"]
[Black "McDonald, Jhustice-Dimonte"]
[Result "1/2-1/2"]
[WhiteTitle "CM"]
[BlackTitle "CM"]
[WhiteElo "2206"]
[BlackElo "2032"]
[WhiteFideId "651002477"]
[BlackFideId "7402481"]
[EventDate "2025.07.01"]

1. d4 Nf6 2. Nf3 g6 3. g3 Bg7 4. Bg2 O-O 5. O-O d5 6. c4 c6 7. Nc3 dxc4 8. Ne5
Nbd7 9. Nxc4 Nb6 10. Ne5 Nfd5 11. Nf3 Bg4 12. h3 Bxf3 13. Bxf3 e6 14. Bg2 Qd7
15. Ne4 Rac8 16. Nc5 Qe7 17. e4 Nf6 18. Be3 Rfd8 19. Qc2 Rb8 20. Rfd1 Nfd7 21.
Rac1 Nxc5 22. dxc5 Nd7 23. b4 Nf6 24. Bf4 Rbc8 25. Bd6 Qe8 26. Rd2 Bf8 27. Rcd1
Bxd6 28. Rxd6 Rxd6 29. Rxd6 Rd8 30. Qd3 Rxd6 31. cxd6 e5 32. h4 Qd7 33. a3 Ne8
34. Qe3 Qxd6 35. Qxa7 Qd7 36. Qc5 Nf6 37. Qxe5 Qd1+ 38. Bf1 Kg7 39. Qb2 Qe1 40.
e5 Ne4 41. e6+ Kf8 42. exf7 Nd2 43. Qh8+ Kxf7 44. Qxh7+ Kf6 45. Qh8+ Kf7 46.
Qh7+ Kf6 47. Qh8+ Kf7 48. Qh7+ 1/2-1/2

[Event "Titled Tue 1st Jul Late"]
[Site "chess.com INT"]
[Date "2025.07.01"]
[Round "5"]
[White "Moghaddamian, Afshin"]
[Black "Grutter, Tim"]
[Result "1-0"]
[WhiteTitle "CM"]
[BlackTitle "IM"]
[WhiteElo "2126"]
[BlackElo "2404"]
[WhiteFideId "12503886"]
[BlackFideId "1057472"]
[EventDate "2025.07.01"]

1. Nf3 Nf6 2. g3 c5 3. Bg2 Nc6 4. O-O e5 5. c4 d5 6. cxd5 Nxd5 7. Nc3 Nc7 8. a3
Be7 9. b4 cxb4 10. axb4 a6 11. b5 axb5 12. Rxa8 Nxa8 13. Nxb5 O-O 14. d3 Qa5 15.
Qb3 Be6 16. Qb1 Bb4 17. Ng5 Qxb5 18. d4 e4 19. Bxe4 g6 20. Nxe6 fxe6 21. Bxg6
Nxd4 22. Bxh7+ Kh8 23. Bd3 Qc5 24. Bh6 Rg8 25. Rc1 Qd6 26. Rc4 Bc5 27. Qxb7 Nc7
28. Bf4 e5 29. Qe4 Qe7 30. Bxe5+ Rg7 31. Qh7# 1-0

[Event "Titled Tue 1st Jul Late"]
[Site "chess.com INT"]
[Date "2025.07.01"]
[Round "5"]
[White "Schmider, Niklas"]
[Black "Hauge, Lars Oskar"]
[Result "0-1"]
[WhiteTitle "IM"]
[BlackTitle "GM"]
[WhiteElo "2421"]
[BlackElo "2462"]
[WhiteFideId "12993778"]
[BlackFideId "1509276"]
[EventDate "2025.07.01"]

1. e4 c5 2. Nf3 d6 3. d4 cxd4 4. Nxd4 Nf6 5. Nc3 a6 6. Bg5 e6 7. f4 b5 8. e5
dxe5 9. fxe5 Qc7 10. exf6 Qe5+ 11. Be2 Qxg5 12. O-O Ra7 13. Nf3 Qe3+ 14. Kh1 Rd7
15. Qe1 Nc6 16. Qg3 gxf6 17. Rae1 Qc5 18. Ne4 Qe7 19. Nh4 f5 20. Nxf5 exf5 21.
Bxb5 axb5 22. Nf6+ Kd8 23. Rxe7 Bxe7 24. Nxd7 Bxd7 25. Qg7 Re8 26. Qxf7 Bd6 27.
Qxh7 Re2 28. Qh8+ Kc7 29. Qc3 Be6 30. Rd1 Be5 31. Qd3 Bc4 32. Qd7+ Kb6 33. h4
Re4 34. Qh7 Bg3 35. h5 Rh4+ 36. Kg1 Bh2+ 37. Kf2 Rf4+ 38. Ke3 Re4+ 39. Kf2 Re2+
40. Kf3 Ne5# 0-1

[Event "Titled Tue 1st Jul Late"]
[Site "chess.com INT"]
[Date "2025.07.01"]
[Round "5"]
[White "Pribelszky, Bence"]
[Black "Leenhouts, Koen"]
[Result "0-1"]
[WhiteTitle "IM"]
[BlackTitle "GM"]
[WhiteElo "2396"]
[BlackElo "2476"]
[WhiteFideId "769738"]
[BlackFideId "1008439"]
[EventDate "2025.07.01"]

1. e4 e6 2. d4 d5 3. e5 c5 4. c3 Nc6 5. Nf3 Bd7 6. Be2 f6 7. exf6 Nxf6 8. O-O
Bd6 9. Bg5 O-O 10. Na3 cxd4 11. Nb5 Bb8 12. cxd4 Qb6 13. Bxf6 Rxf6 14. Qd2 Bf4
15. Qd3 Raf8 16. a3 a6 17. Nc3 Be8 18. b4 Bg6 19. Qd1 Bh5 20. Na4 Qc7 21. h3 Bh6
22. Nc5 Bxf3 23. Bxf3 Rxf3 24. gxf3 Qf7 25. Re1 Qg6+ 26. Kf1 Qf5 27. Rxe6 Qxh3+
28. Kg1 Bf4 29. Ra2 Bh2+ 30. Kh1 Bd6+ 31. Kg1 Bxc5 32. Rae2 Nxd4 33. R2e3 Nxf3+
34. Rxf3 Rxf3 35. bxc5 Qg4+ 36. Kf1 Rxf2+ 37. Ke1 Rf1+ 38. Kxf1 Qxd1+ 39. Re1
Qf3+ 0-1

[Event "Titled Tue 1st Jul Late"]
[Site "chess.com INT"]
[Date "2025.07.01"]
[Round "5"]
[White "Chakrabarti, Brejesh"]
[Black "Rogov, Matfey"]
[Result "1-0"]
[WhiteTitle "FM"]
[BlackTitle "FM"]
[WhiteElo "2282"]
[BlackElo "2348"]
[WhiteFideId "30969280"]
[BlackFideId "44191308"]
[EventDate "2025.07.01"]

1. c4 e5 2. g3 Nf6 3. Bg2 c6 4. Nf3 e4 5. Nd4 Qb6 6. e3 d5 7. cxd5 cxd5 8. Nc3
Nc6 9. Nxc6 bxc6 10. d3 exd3 11. Qxd3 Ba6 12. Qc2 Bb4 13. Bf1 O-O 14. Bxa6 Bxc3+
15. bxc3 Qxa6 16. Qe2 Qa5 17. O-O Ne4 18. c4 Rab8 19. cxd5 Qxd5 20. f3 Nc3 21.
Qc2 Qc4 22. Kg2 Rfd8 23. Rf2 Rd3 24. Bd2 Rbd8 25. Rc1 h5 26. Bxc3 h4 27. Bd4 Qb5
28. Qc4 Qf5 29. g4 Qh7 30. h3 c5 31. Qxc5 a6 32. Qe7 Rf8 33. Qb7 Qg6 34. Rc8 Rd1
35. Rxf8+ 1-0

[Event "Titled Tue 1st Jul Late"]
[Site "chess.com INT"]
[Date "2025.07.01"]
[Round "5"]
[White "Hobson, Kenneth"]
[Black "Bogaudinov, Rushan"]
[Result "0-1"]
[WhiteTitle "FM"]
[BlackTitle "FM"]
[WhiteElo "2361"]
[BlackElo "1912"]
[WhiteFideId "480819"]
[BlackFideId "4129288"]
[EventDate "2025.07.01"]

1. e4 d6 2. d4 a6 3. c4 g6 4. Nc3 Bg7 5. Nf3 Nf6 6. Be2 O-O 7. O-O c6 8. h3 Qc7
9. a4 Nbd7 10. Be3 c5 11. d5 b6 12. Nd2 Ne8 13. f4 f5 14. exf5 gxf5 15. g4 Kh8
16. g5 Rg8 17. h4 Nf8 18. Kh2 e6 19. Bf3 Bb7 20. h5 Bxc3 21. bxc3 e5 22. Kh3 Bc8
23. Kh4 h6 24. Rg1 hxg5+ 25. fxg5 f4 26. Bf2 Ng7 27. Bg4 Nh7 28. Ne4 Nf5+ 29.
Kh3 Nxg5+ 30. Nxg5 Rxg5 31. Kh2 Qh7 32. Qf3 Ng3 33. Rxg3 fxg3+ 34. Bxg3 Bxg4 35.
Qf6+ Qg7 36. Qxd6 Rxh5+ 37. Kg2 Bh3+ 38. Kh2 Rg8 39. Bh4 Qg2# 0-1

[Event "Titled Tue 1st Jul Late"]
[Site "chess.com INT"]
[Date "2025.07.01"]
[Round "5"]
[White "Arakelyan, Manvel"]
[Black "Nguyen Hong Nhung"]
[Result "0-1"]
[WhiteTitle "FM"]
[BlackTitle "WFM"]
[WhiteElo "2326"]
[BlackElo "2201"]
[WhiteFideId "13317415"]
[BlackFideId "12412201"]
[EventDate "2025.07.01"]

1. e4 c5 2. Nf3 e6 3. c3 Nf6 4. e5 Nd5 5. a3 d6 6. d4 cxd4 7. c4 Nb6 8. Bg5 Qc7
9. Nxd4 a6 10. Nc3 dxe5 11. Ndb5 axb5 12. Nxb5 Qd7 13. Qe2 Bb4+ 14. Nc3 Bxc3+
15. bxc3 O-O 16. Be3 Qc6 17. Rb1 Na4 18. Qc2 Nd7 19. Bd3 f5 20. O-O e4 21. Be2
Nac5 22. Rfd1 Ne5 23. Rb5 Ned3 24. Qd2 b6 25. Bd4 e5 26. Bxd3 exd4 27. Bf1 dxc3
28. Qxc3 Be6 29. Rdb1 Rfb8 30. Qe5 Nd7 31. Qd4 Rd8 32. g3 Rab8 33. Qe3 Kh8 34.
h4 Nf6 0-1

[Event "Titled Tue 1st Jul Late"]
[Site "chess.com INT"]
[Date "2025.07.01"]
[Round "5"]
[White "Frischmann, Rick"]
[Black "Gimeno Martos, Roberto"]
[Result "1-0"]
[WhiteTitle "FM"]
[BlackTitle "CM"]
[WhiteElo "2355"]
[BlackElo "2090"]
[WhiteFideId "24660752"]
[BlackFideId "2226804"]
[EventDate "2025.07.01"]

1. e4 g6 2. d4 Bg7 3. Nf3 c5 4. c3 cxd4 5. cxd4 d6 6. h3 Bd7 7. Nc3 Nf6 8. Be2
O-O 9. O-O Nc6 10. Be3 a6 11. a4 Rc8 12. Qb3 Qc7 13. Rfc1 Qb8 14. d5 Nd8 15. Bb6
e6 16. Nd4 exd5 17. exd5 Re8 18. Bf3 h6 19. Re1 Rxe1+ 20. Rxe1 Nh7 21. Re7 Nf8
22. Bg4 Bxg4 23. hxg4 Bf6 24. Re8 Kg7 25. Ne4 Nh7 26. Nxf6 Nxf6 27. Re7 Nxg4 28.
g3 Nf6 29. Bxd8 Rxd8 30. Ne6+ Kh8 31. Qc3 Kh7 32. Qxf6 Rg8 33. Rxf7+ Rg7 34.
Qxg7# 1-0

[Event "Titled Tue 1st Jul Late"]
[Site "chess.com INT"]
[Date "2025.07.01"]
[Round "5"]
[White "Estrada Nieto, Julian"]
[Black "Bazan Romero, Octavio Aaron"]
[Result "1-0"]
[WhiteTitle "IM"]
[BlackTitle "FM"]
[WhiteElo "2181"]
[BlackElo "2289"]
[WhiteFideId "5101018"]
[BlackFideId "20003943"]
[EventDate "2025.07.01"]

1. e4 c5 2. Nf3 d6 3. Bb5+ Bd7 4. Bxd7+ Qxd7 5. O-O Nf6 6. Qe2 Nc6 7. c3 e6 8.
d4 cxd4 9. cxd4 d5 10. e5 Ne4 11. Nbd2 Nxd2 12. Bxd2 Bb4 13. Bxb4 Nxb4 14. Qd2
Nc6 15. Rac1 O-O 16. h4 Ne7 17. h5 h6 18. Rc3 Rfc8 19. g4 Rxc3 20. bxc3 Rc8 21.
Nh4 Qc7 22. Rc1 Nc6 23. f4 Qe7 24. Nf3 f6 25. Re1 fxe5 26. dxe5 Rf8 27. Kg2 Na5
28. Kg3 Nc4 29. Qc1 Rc8 30. Nd4 Qa3 31. Nxe6 Qxa2 32. Qd1 Nd2 33. Re2 Ne4+ 34.
Kg2 Qa3 35. Rxe4 dxe4 36. Qd7 1-0

[Event "Titled Tue 1st Jul Late"]
[Site "chess.com INT"]
[Date "2025.07.01"]
[Round "5"]
[White "Steinberg, Nitzan"]
[Black "Aakash, G"]
[Result "1-0"]
[WhiteTitle "GM"]
[BlackTitle "FM"]
[WhiteElo "2554"]
[BlackElo "2123"]
[WhiteFideId "2801795"]
[BlackFideId "25644394"]
[EventDate "2025.07.01"]

1. e4 e6 2. d3 d5 3. Qe2 Be7 4. Nf3 c5 5. g3 Nc6 6. Bg2 Nf6 7. O-O O-O 8. Re1 b6
9. e5 Nd7 10. h4 Kh8 11. Bf4 f6 12. exf6 Bxf6 13. Nc3 e5 14. Bd2 Nb4 15. Rac1 e4
16. dxe4 Ba6 17. Qd1 d4 18. Nd5 Nxd5 19. exd5 h6 20. Ng5 Qc8 21. Qh5 Kg8 22. Ne6
Rf7 23. Bf4 Nf8 24. Nc7 g5 25. Bd6 Rxc7 26. Bxc7 Qxc7 27. d6 Qxd6 28. Bxa8 d3
29. cxd3 Bxd3 30. Rcd1 c4 31. Be4 Bd4 32. Qf3 Bxe4 33. Rxe4 Ne6 34. Rxe6 Qxe6
35. Rxd4 1-0